[Event "Boa Vista Regional Norte-ch"]
[Site "Boa Vista"]
[Date "2024.06.02"]
[Round "6"]
[White "Lopes, Janio Ribeiro"]
[Black "Lima, Endson dos Santos"]
[Result "1-0"]
[WhiteElo "2024"]
[BlackElo "2016"]
[PlyCount "31"]
[EventDate "2024.05.30"]
[EventType "swiss"]
[EventRounds "6"]
[EventCountry "BRA"]
[SourceTitle "CBM 220 Extra"]
[Source "ChessBase"]
[SourceDate "2024.07.31"]
[SourceVersion "1"]
[SourceVersionDate "2024.07.31"]
[SourceQuality "1"]

1. e4 e6 2. d4 d5 3. Nc3 dxe4 4. Nxe4 Nd7 5. Nf3 Ngf6 6. Bd3 Be7 7. Qe2 0-0 8. Bg5 h6 9. h4 hxg5 10. hxg5 Nd5 11. 0-0-0 Nf4 12. Qe3 Ng6 13. Rh5 f5 14. gxf6 Nxf6 15. Nxf6+ Rxf6 16. Bxg6 1-0

[Event "Titled Tuesday intern op 18th Oct Late"]
[Site "Chess.com INT"]
[Date "2022.10.18"]
[Round "9"]
[White "Lima, Endson dos Santos"]
[Black "Bongo Akanga Ndjila, Barthelemy"]
[Result "1-0"]
[WhiteElo "2048"]
[BlackElo "1811"]
[PlyCount "69"]
[EventDate "2022.10.18"]
[EventType "swiss (blitz)"]
[EventRounds "11"]
[EventCountry "USA"]
[SourceTitle "EXT 2024"]
[Source "ChessBase"]
[SourceDate "2023.10.10"]
[SourceVersion "1"]
[SourceVersionDate "2023.10.10"]
[SourceQuality "1"]

1. e4 c6 2. d4 d5 3. exd5 cxd5 4. c4 Nf6 5. cxd5 Nxd5 6. Nc3 Nb6 7. Nf3 Bg4 8. Be2 e6 9. 0-0 Be7 10. Bf4 0-0 11. h3 Bh5 12. a4 Nd5 13. Bg3 Nc6 14. Ne5 Bxe2 15. Nxe2 Ncb4 16. Nc3 a6 17. Qg4 Rc8 18. Rad1 Nxc3 19. bxc3 Rxc3 20. Rfe1 Nd5 21. f4 Bf6 22. f5 exf5 23. Qxf5 Rxg3 24. Ng4 Rxg4 25. hxg4 Qd6 26. g5 Bd8 27. Rf1 Bb6 28. Rde1 Bc7 29. Re5 Nc3 30. Rf3 Nxa4 31. Rd5 Qc6 32. Rd7 Qc1+ 33. Rf1 Qc4 34. Qe4 Bb6 35. Rdxf7 1-0

[Event "Titled Tuesday intern op 18th Oct Late"]
[Site "Chess.com INT"]
[Date "2022.10.18"]
[Round "10"]
[White "Lima, Endson dos Santos"]
[Black "Gonzalez, Francisco Silva"]
[Result "1-0"]
[WhiteElo "2048"]
[BlackElo "2037"]
[PlyCount "105"]
[EventDate "2022.10.18"]
[EventType "swiss (blitz)"]
[EventRounds "11"]
[EventCountry "USA"]
[SourceTitle "EXT 2024"]
[Source "ChessBase"]
[SourceDate "2023.10.10"]
[SourceVersion "1"]
[SourceVersionDate "2023.10.10"]
[SourceQuality "1"]

1. d4 Nf6 2. Nf3 d5 3. c4 e6 4. g3 dxc4 5. Bg2 Nc6 6. 0-0 Rb8 7. Nbd2 Nxd4 8. Nxd4 Qxd4 9. Qc2 b5 10. a4 a6 11. Nf3 Qe4 12. Qxe4 Nxe4 13. Ne5 f5 14. axb5 Rxb5 15. Nxc4 Bc5 16. Be3 0-0 17. Bxe4 fxe4 18. Bxc5 Rxc5 19. Rfc1 e5 20. Ne3 Rb5 21. Rab1 Rf7 22. Rc4 Bb7 23. Rc2 h5 24. h4 Rd7 25. Rbc1 c6 26. Rd1 Rd4 27. Rdd2 g6 28. Nc4 Rxd2 29. Rxd2 Rd5 30. Rxd5 cxd5 31. Nxe5 Kg7 32. Nd7 d4 33. e3 d3 34. Kf1 a5 35. Ke1 Bc6 36. Nc5 Kf6 37. f3 Kf5 38. fxe4+ Bxe4 39. Kd2 a4 40. Nxd3 Bxd3 41. Kxd3 g5 42. hxg5 Kxg5 43. e4 Kg4 44. e5 Kxg3 45. e6 h4 46. e7 h3 47. e8Q h2 48. Qg6+ Kf2 49. Qh5 Kg2 50. Qg4+ Kh1 51. Ke2 a3 52. Kf2 a2 53. Qg2# 1-0

[Event "Titled Tuesday intern op 18th Oct Late"]
[Site "Chess.com INT"]
[Date "2022.10.18"]
[Round "11"]
[White "Mickiewicz, Piotr"]
[Black "Lima, Endson dos Santos"]
[Result "0-1"]
[WhiteElo "2272"]
[BlackElo "2048"]
[PlyCount "110"]
[EventDate "2022.10.18"]
[EventType "swiss (blitz)"]
[EventRounds "11"]
[EventCountry "USA"]
[SourceTitle "EXT 2024"]
[Source "ChessBase"]
[SourceDate "2023.10.10"]
[SourceVersion "1"]
[SourceVersionDate "2023.10.10"]
[SourceQuality "1"]

1. e4 c5 2. Nf3 d6 3. Bb5+ Bd7 4. Qe2 Nc6 5. 0-0 e6 6. d3 Nf6 7. c4 Be7 8. Nc3 0-0 9. h3 a6 10. Bxc6 Bxc6 11. d4 cxd4 12. Nxd4 Rc8 13. b3 Re8 14. Bb2 Qa5 15. Rfd1 b5 16. cxb5 axb5 17. Nxc6 Rxc6 18. Nxb5 Nxe4 19. Nd4 Nc3 20. Qg4 Rcc8 21. Rd3 Bf6 22. Kh1 Nd5 23. a3 Qb6 24. Rad1 g6 25. b4 Rc4 26. Qf3 Bg7 27. Ba1 Rec8 28. Nxe6 fxe6 29. Bxg7 Kxg7 30. Qg3 Rc1 31. Kh2 Rxd1 32. Rxd1 Qc6 33. Rd3 e5 34. Rf3 Nf4 35. Qg4 Rc7 36. g3 Nd5 37. a4 Nf6 38. Rxf6 Kxf6 39. Qh4+ Kg7 40. b5 Qc4 41. Qd8 Rf7 42. Qb6 Qe2 43. Kg2 Qf3+ 44. Kg1 e4 45. Qd4+ Qf6 46. Qe3 Qf3 47. Qd4+ Qf6 48. Qd2 d5 49. a5 d4 50. b6 e3 51. fxe3 Qf1+ 52. Kh2 Rf2+ 53. Qxf2 Qxf2+ 54. Kh1 dxe3 55. b7 e2 0-1

[Event "BRA-ch 85th sf Reg2"]
[Site "Manaus"]
[Date "2018.11.04"]
[Round "6"]
[White "Lima, Endson dos Santos"]
[Black "Rocha, Vitor Firmo de Souz"]
[Result "1-0"]
[WhiteElo "2057"]
[BlackElo "2174"]
[PlyCount "123"]
[EventDate "2018.11.01"]
[EventType "swiss"]
[EventRounds "7"]
[EventCountry "BRA"]
[SourceTitle "CBM 189 Extra"]
[Source "ChessBase"]
[SourceDate "2019.05.31"]
[SourceVersion "1"]
[SourceVersionDate "2019.05.31"]
[SourceQuality "1"]

1. c4 e6 2. Nc3 d5 3. d4 Nf6 4. Nf3 Bb4 5. e3 0-0 6. a3 Bxc3+ 7. bxc3 c5 8. Be2 dxc4 9. Bxc4 Qc7 10. Be2 Nc6 11. 0-0 e5 12. d5 Rd8 13. c4 Ne7 14. Bb2 Ng6 15. Qc2 Re8 16. Rfd1 Qd6 17. Nd2 h5 18. Bd3 Nf8 19. a4 a5 20. f3 Ra6 21. Bc3 h4 22. Kh1 Bd7 23. Rg1 Qc7 24. g4 hxg3 25. Rxg3 Nh5 26. Rg5 Rh6 27. Rag1 f6 28. R5g2 Bh3 29. Rf2 b6 30. Bf5 Bxf5 31. Qxf5 Qd7 32. Qxd7 Nxd7 33. Ne4 Kf8 34. Nd6 Rb8 35. Rb2 g6 36. Bd2 Ke7 37. Nb5 Rbh8 38. Rg2 g5 39. Kg1 R6h7 40. Nc3 Rg7 41. Ne4 Rhg8 42. Bc1 f5 43. Nc3 g4 44. fxg4 Rxg4 45. h3 Rxg2+ 46. Rxg2 Rxg2+ 47. Kxg2 Nhf6 48. Kf3 Ne8 49. e4 f4 50. Nb1 Nd6 51. Nd2 Kf7 52. h4 Kg6 53. Bb2 Kh5 54. Bxe5 Nxe5+ 55. Kxf4 Nexc4 56. Nxc4 Nxc4 57. e5 Kg6 58. h5+ Kf7 59. h6 b5 60. h7 Kg7 61. axb5 Nb6 62. e6 1-0

[Event "BRA-ch 85th sf Reg2"]
[Site "Manaus"]
[Date "2018.11.01"]
[Round "1"]
[White "Lima, Endson dos Santos"]
[Black "Dantas, Caetano Melo"]
[Result "1-0"]
[WhiteElo "2057"]
[BlackElo "1567"]
[PlyCount "85"]
[EventDate "2018.11.01"]
[EventType "swiss"]
[EventRounds "7"]
[EventCountry "BRA"]
[SourceTitle "CBM 189 Extra"]
[Source "ChessBase"]
[SourceDate "2019.05.31"]
[SourceVersion "1"]
[SourceVersionDate "2019.05.31"]
[SourceQuality "1"]

1. e4 e6 2. Qe2 d5 3. exd5 Qxd5 4. Nc3 Qd8 5. Nf3 Nf6 6. g3 b6 7. Bg2 Bb7 8. 0-0 Be7 9. Re1 0-0 10. d4 Nbd7 11. Bf4 Bd6 12. Ne5 Bxg2 13. Kxg2 Re8 14. Rad1 Qc8 15. Qf3 Nf8 16. Bg5 Bxe5 17. dxe5 N6d7 18. Qc6 Rb8 19. Nb5 Qb7 20. Nd4 h6 21. Bc1 Red8 22. b4 Qa8 23. f4 a6 24. a4 Re8 25. c4 Qxc6+ 26. Nxc6 Ra8 27. Be3 Nb8 28. Nxb8 Raxb8 29. Rd3 Red8 30. Red1 Rxd3 31. Rxd3 f6 32. exf6 gxf6 33. c5 b5 34. a5 Re8 35. c6 Kg7 36. Bc5 Kf7 37. Kf3 e5 38. fxe5 fxe5 39. Ke4 Ne6 40. Rd7+ Kf6 41. Be3 Rh8 42. Bd2 Rg8 43. Rh7 1-0

[Event "Florianopolis op 4th"]
[Site "Florianopolis"]
[Date "2018.01.22"]
[Round "6"]
[White "Parreira, Teodora Ribeiro"]
[Black "Lima, Endson dos Santos"]
[Result "0-1"]
[WhiteElo "1331"]
[BlackElo "2051"]
[PlyCount "94"]
[EventDate "2018.01.19"]
[EventType "swiss"]
[EventRounds "10"]
[EventCountry "BRA"]
[SourceTitle "EXT 2019"]
[Source "ChessBase"]
[SourceDate "2018.10.10"]
[SourceVersion "1"]
[SourceVersionDate "2018.10.10"]
[SourceQuality "1"]

1. e4 c5 2. d3 Nc6 3. Nd2 g6 4. Ngf3 Bg7 5. g3 Nf6 6. Bg2 0-0 7. 0-0 d6 8. Re1 Qc7 9. Nf1 Bd7 10. h4 Ng4 11. N1h2 b5 12. Ng5 Nxh2 13. Kxh2 h6 14. Nf3 Rab8 15. Rh1 Bg4 16. Kg1 Ne5 17. Bf4 f5 18. Bxe5 Bxe5 19. Bh3 Bxb2 20. Rb1 Bg7 21. Bxg4 fxg4 22. Nh2 h5 23. Nxg4 hxg4 24. Qxg4 Rf6 25. h5 gxh5 26. Rxh5 Qd7 27. Qg5 Qe6 28. Kg2 Rg6 29. Qh4 Qf6 30. Qh2 Rf8 31. Rf5 Rh6 32. Rxf6 Rxh2+ 33. Kxh2 Rxf6 34. f4 b4 35. Rh1 Rh6+ 36. Kg2 Rxh1 37. Kxh1 Kf7 38. Kg2 a5 39. Kf3 e6 40. g4 e5 41. fxe5 Bxe5 42. g5 Kg6 43. Kg4 a4 44. Kh4 Bf4 45. Kg4 Bxg5 46. Kf3 Kf6 47. Kg4 Bd2 0-1

[Event "Natal Regiion-ch sf"]
[Site "Natal"]
[Date "2017.11.02"]
[Round "1"]
[White "Lima, Endson dos Santos"]
[Black "Guimaraes, Diogo Duarte"]
[Result "0-1"]
[WhiteElo "2045"]
[BlackElo "2280"]
[PlyCount "92"]
[EventDate "2017.11.02"]
[EventType "swiss"]
[EventRounds "7"]
[EventCountry "BRA"]
[SourceTitle "CBM 181 Extra"]
[Source "ChessBase"]
[SourceDate "2017.12.12"]
[SourceVersion "1"]
[SourceVersionDate "2017.12.12"]
[SourceQuality "1"]

1. d4 d5 2. Nf3 Nf6 3. g3 c6 4. Bg2 g6 5. 0-0 Bg7 6. c4 0-0 7. Nc3 Bg4 8. Ne5 Be6 9. Qb3 Qb6 10. Qxb6 axb6 11. cxd5 Nxd5 12. Nxd5 Bxd5 13. Bxd5 cxd5 14. Be3 Nc6 15. f4 Nb4 16. Rfc1 Rfc8 17. Nd7 Rxc1+ 18. Rxc1 Nc6 19. Nxb6 Rxa2 20. Nxd5 Rxb2 21. Ra1 f5 22. Kf2 Nxd4 23. Bxd4 Bxd4+ 24. Kf1 e6 25. Rd1 exd5 26. Rxd4 Rb5 27. Rd2 Rc5 28. Rb2 b5 29. Ra2 b4 30. Kf2 Rb5 31. Ke3 b3 32. Rb2 Rb4 33. Kd3 d4 34. e3 dxe3 35. Kxe3 Kf7 36. Kd3 Ke6 37. Kc3 Rb8 38. Kd4 Kd6 39. Kc4 Rb7 40. Kd4 Rb4+ 41. Kc3 Kc5 42. Kd3 Kd5 43. Kc3 Rb7 44. Kd3 Rb6 45. Kc3 Ke4 46. Kd2 Kd4 0-1